| 000 | 01066cam a2200289 i 4500 | ||
|---|---|---|---|
| 001 | 68410 | ||
| 003 | Mx-PuUPA | ||
| 005 | 20251025120457.0 | ||
| 008 | 191023s2019 mx |||gr|||| 001 0 spa d | ||
| 020 | _a9786071736833 | ||
| 040 |
_aMx-PuUPA _bspa _cMx-PuUPA _dMx-PuUPA _erda |
||
| 041 | 0 | _aspa | |
| 100 | 1 |
_95336 _aSariñana, Enrique, _eautor |
|
| 245 | 1 | 0 |
_aDerecho mercantil / _cEnrique Sariñana |
| 250 | _aOctava edición | ||
| 264 | 1 |
_aCiudad de México : _bEditorial Trillas, _c©2019 |
|
| 300 |
_a179 páginas : _bdiagramas ; _c23 cm |
||
| 336 |
_2rdacontent _atexto _btxt |
||
| 337 |
_2rdamedia _asin medio _bn |
||
| 338 |
_2rdacarrier _avolumen _bnc |
||
| 500 | _a"La sociedad mercantil en general : Ley de fomento y protección de la Propiedad Industrial ; Acuerdo general sobre Aranceles y Comercio". -- Cubierta | ||
| 650 | 7 |
_2armarc _aDerecho mercantil |
|
| 942 |
_2ddc _cLI _h346.7207 _iS24 |
||
| 999 |
_c68410 _d68410 |
||